000
00279nam a22001217a 4500
003
OSt
005
20160217153804.0
008
160217b xxu||||| |||| 00| 0 eng d
040
_c
Rongo University
245
_a
poems
260
_a
Carlifornia
_b
Wadsworth
_c
1997
942
_2
lcc
_c
BK
999
_c
252418
_d
252417